000 01804nam a2200241Ia 4500
003 Ost
005 20260507075059.0
008 260507s9999||||xx |||||||||||||| ||und||
020 _a1105328977
040 _cfsecg
041 _aara
082 _a346.078
100 _aدويدار، طلعت محمد
_eمؤلف
245 0 _aالطعن في حكم الافلاس :
_bدراسة تأصيلية تحليلية في الإعتراض على حكم الافلاس واستئنافه على ضوء الاتجاهات الحديثة في قانون التجارة الجديد رقم 17لسنة 1999 /
_c طلعت محمد دويدار
260 _aالاسكندرية:
_bدار الجامعة الجديدة,
_c2003
300 _a204 صفحة؛
_c24 سم
490 _aالمكتبة القانونية
504 _aببليوغرافيا ص.187
520 _aتأصيل أهم إشكاليات البحث،الاتجاهات الحديثة في التنظيم الاجرائي للإفلاس،الطبيعة الفنية لحكم الافلاس،الطبيعة الفنية لاعتراض الغير على حكم الافلاس،الخصوم في الطعن في حكم الافلاس،ثبوت حق الطعنفي حكم الافلاس لأطراف خصومة الافلاس،مفهوم الغير صاحب الصفة في الاعتراض على حكم الافلاس،شكل الطعن في حكم الافلاس،المحكمة المختصة باعتراض الغير على حكم الافلاس،مواعيد الطعن في حكم الافلاس،طريقة رفع الاعتراض الغير في حكم الافلاس،محل الطعن وآثاره، محل الطعن
653 _aالافلاس
653 _aالإفلاس - قوانين وتشريعات
942 _cكتاب
999 _c42771
_d42771